Valuacin̤ de Empresa Proceso y metodologa̕

Bibliographic Details
Other Authors: Trejo Caballero, Juana
Format: eBook
Language:Spanish
Published: Mx̌ico D.F. : Instituto Mexicano de Contadores Pb︢licos, 2008
Subjects:
Online Access:http://www.vlex.com/source/7062

MARC

LEADER 00000nam a22000007a 4500
005 20130225163105.0
007 cr|||| ||||
008 130225e2008 mx |||||s|||| 00||0 spa d
020 |a 978-970-665-314-7 
035 |a 7062 
040 |a vLex 
090 |c 3750  |d 3750 
245 0 0 |a Valuacin̤ de Empresa  |b Proceso y metodologa̕  |h [Recurso electrn̤ico] 
256 |a Servicio en ln̕ea 
260 |a Mx̌ico D.F. :  |b Instituto Mexicano de Contadores Pb︢licos,   |c 2008 
300 |a 1 Recurso electrn̤ico 
650 0 4 |a Empresa  |z Mx̌ico 
650 0 4 |a Economa̕  |z Mx̌ico  
700 1 0 |a Trejo Caballero, Juana 
740 |a vLex Libros (Servicio en ln̕ea) 
856 |a Acceso restringido  |u http://www.vlex.com/source/7062 
942 |c BOOK 
999 0 |a Enterprise